| 000 | 02087nam a2200481 c 4500 | ||
|---|---|---|---|
| 999 |
_c47356 _d47356 |
||
| 001 | 47356 | ||
| 003 | ES-MaCES | ||
| 005 | 20251115040003.0 | ||
| 007 | cr ||||||||||| | ||
| 008 | 160407s2016 sp |000 | spa d | ||
| 040 |
_aES-MaCES _bspa _cES-MaCES |
||
| 041 | 1 |
_aspa _aeng |
|
| 100 | 1 |
_913443 _aGinès y Fabrellas, Anna |
|
| 245 | 1 | 1 |
_a'Sharing economy vs. Uber economy' y las fronteras de Derecho del trabajo _hRecurso electrónico _b: la (des) protección de los trabajadores en el nuevo entorno digital _cAnna Ginès i Fabrellas, Sergi Gálvez Duran |
| 260 |
_a[Barcelona _bUniversitat Pompeu Fabra] _c2016 |
||
| 300 |
_a1 documento pdf _c(458 kb) |
||
| 500 | _aTraducción de: Sharing economy vs. Uber economy an the boundaries of Labor Law, vulnerability of workers in the new digital environment | ||
| 500 | _aResumen en español e inglés | ||
| 500 | _aEn: InDret, revista para el análisis del Derecho. - En. 2016 | ||
| 504 | _aBibliografía: p. 42-44 | ||
| 541 | _cGratuito | ||
| 610 | 2 | 7 |
_939727 _aUber (Firma) |
| 650 | 4 |
_aeconomía colaborativa _937923 |
|
| 650 | 4 |
_aglobalización económica _930653 |
|
| 650 | 4 |
_anuevas tecnologías _930788 |
|
| 650 | 4 |
_atecnología de la información _930104 |
|
| 650 | 4 |
_aInternet _930572 |
|
| 650 | 4 |
_atrabajo a cuenta propia _930170 |
|
| 650 | 4 |
_atrabajo subcontratado _928310 |
|
| 650 | 4 |
_arelaciones laborales _928369 |
|
| 650 | 4 |
_asistema de remuneración _928390 |
|
| 650 | 4 |
_aderechos de los trabajadores _929924 |
|
| 650 | 4 |
_aderecho del trabajo _927165 |
|
| 650 | 4 |
_aestudio de casos _928846 |
|
| 653 | 1 | 0 | _aDerecho del trabajo y Seguridad Social |
| 700 | 1 |
_936693 _aGálvez Durán, Sergi |
|
| 710 | 2 |
_95409 _aUniversitat Pompeu Fabra _eed. |
|
| 740 | 0 | 2 | _aSharing economy vs. Uber economy an the boundaries of Labor Law, vulnerability of workers in the new digital environment |
| 740 | 0 | 2 | _aInDret, revista para el análisis del Derecho |
| 856 | 4 |
_uhttp://biblioteca.ces.es/repintra/B47356.pdf _ytexto impreso _z[intranet] |
|
| 902 | _aELE PUB. ELECTRONICA | ||
| 942 |
_2CES _cBK _h6.0.1. |
||